|
|
|
|
| LEADER |
00000nam0a2200000 4500 |
| 001 |
594367 |
| 005 |
20231219121503.0 |
| 035 |
|
|
|a (RuTPU)RU\TPU\tpu\8987
|
| 035 |
|
|
|a RU\TPU\tpu\8984
|
| 090 |
|
|
|a 594367
|
| 100 |
|
|
|a 20020621d1988 m y0rusy50 ca
|
| 101 |
0 |
|
|a rus
|
| 102 |
|
|
|a RU
|
| 105 |
|
|
|a y z 001zy
|
| 200 |
1 |
|
|a Повышение связующей способности торшковских глин и разработка рациональной технологии шамотных изделий на их основе
|e автореферат диссертации кандидата технических наук
|f Т. В. Вакалова
|
| 210 |
|
|
|a Свердловск
|d 1988
|
| 215 |
|
|
|a 18 с.
|
| 333 |
|
|
|a В фонде НТБ ТПУ отсутствует
|
| 610 |
1 |
|
|a труды учёных ТПУ
|
| 700 |
|
1 |
|a Вакалова
|b Т. В.
|c химик-технолог
|c профессор Томского политехнического университета, доктор технических наук
|f 1956-
|g Татьяна Викторовна
|3 (RuTPU)RU\TPU\pers\26197
|9 12005
|
| 801 |
|
2 |
|a RU
|b 63413507
|c 20111118
|g PSBO
|
| 942 |
|
|
|c BK
|